[Event "34th Chess Olympiad (men)"]
[Site "Istanbul"]
[Date "2000.11.06"]
[Round "9.37.1"]
[White "Hussein, N.A."]
[Black "Gluckman, David"]
[WhiteElo "2368"]
[BlackElo "2400"]
[WhiteCountry "IRQ"]
[BlackCountry "RSA"]
[Result "1-0"]

1. e4 Nf6 2. e5 Nd5 3. d4 d6 4. c4 Nb6 5. exd6 exd6 6. Nc3 Be7 7. Qf3 Nc6 
8. Be3 O-O 9. O-O-O Be6 10. c5 Nc4 11. Bf4 Bg5 12. h4 Bf6 13. d5 Nd4 
14. Rxd4 Bxd4 15. Bxc4 Bd7 16. Nge2 Bxc5 17. Ne4 Bb6 18. Bd3 f5 19. Ng5 Qf6 
20. Bc4 Rfe8 21. Bd2 h6 22. Bc3 Qe7 23. Ne6 Bxe6 24. dxe6 c6 25. Nf4 d5 
26. Bb3 Bc7 27. Nh5 Red8 28. Nxg7 Rf8 29. Nxf5 Qxe6 30. Qg4+ Kf7 31. Qh5+ Kg8 
32. Ne7+ 
1-0

[Event "34th Chess Olympiad (men)"]
[Site "Istanbul"]
[Date "2000.11.06"]
[Round "9.37.2"]
[White "Solomon, Kenny"]
[Black "Araz, Mohammad"]
[WhiteElo "2267"]
[BlackElo "2286"]
[WhiteCountry "RSA"]
[BlackCountry "IRQ"]
[Result "0-1"]

1. d4 d5 2. Nf3 Nf6 3. c4 dxc4 4. e3 Bg4 5. Bxc4 e6 6. O-O Nbd7 7. h3 Bh5 
8. Nc3 Bd6 9. Be2 O-O 10. e4 e5 11. Be3 Bg6 12. dxe5 Nxe5 13. Nxe5 Bxe5 
14. Qxd8 Rfxd8 15. f3 Nd7 16. Rfd1 Nb6 17. g4 f6 18. Kf2 Bf7 19. f4 Bxc3 
20. bxc3 Rxd1 21. Bxd1 Nc4 22. Bb3 Re8 23. Kf3 Nd6 24. Bc2 b6 25. a4 a5 
26. Rd1 Nc4 27. Rd7 Nxe3 28. Kxe3 Rc8 29. e5 fxe5 30. fxe5 Kf8 31. Bf5 Be8 
32. Rd4 Rb8 33. Bd3 Ke7 34. Rf4 h6 35. Rf2 Bxa4 36. Bc4 Rf8 37. Rf5 Bd7 
38. Rxf8 Kxf8 39. e6 Bc6 40. h4 Ke7 41. Kf4 b5 42. Ba2 Bg2 43. Ke5 c6 
44. c4 bxc4 45. Bb1 Bd5 46. Bc2 Bxe6 47. g5 hxg5 48. hxg5 Bd5 49. Bd1 Be6 
50. Bc2 c5 51. Bd1 c3 52. Bc2 Bc4 53. Ke4 Ke6 54. Ke3 Ke5 55. g6 Bb5 56. Bd1 a4 
57. Bc2 a3 58. Bb3 c4 59. Ba2 Kd5 
0-1

[Event "34th Chess Olympiad (men)"]
[Site "Istanbul"]
[Date "2000.11.06"]
[Round "9.37.4"]
[White "Solomon, Maxwell"]
[Black "Maftool, Abdul Hadi"]
[WhiteElo "2000"]
[BlackElo "2266"]
[WhiteCountry "RSA"]
[BlackCountry "IRQ"]
[Result "1/2-1/2"]

1. Nf3 Nf6 2. c4 g6 3. Nc3 Bg7 4. e4 d6 5. d4 O-O 6. Be2 Nbd7 7. O-O e5 
8. d5 h6 9. Qc2 a5 10. Rb1 Nc5 11. Nd2 b6 12. a3 a4 13. Bf3 Nh7 14. b4 axb3 
15. Nxb3 Ng5 16. Bxg5 hxg5 17. Nxc5 bxc5 18. a4 g4 19. Be2 f5 20. g3 f4 
21. Rfe1 Qg5 22. Bf1 Rf7 23. Rb2 Bf8 24. Reb1 Rh7 25. Rb8 Rxb8 26. Rxb8 Bd7 
27. a5 Qh6 28. h3 fxg3 29. fxg3 Rf7 30. Qe2 Qc1 31. a6 Qa3 32. hxg4 Qxa6 
33. Qe3 Qa7 34. Rb2 Qa3 35. Rf2 Rxf2 36. Kxf2 Bxg4 37. Nb5 Qxe3+ 38. Kxe3 Bh6+ 
39. Kd3 Kf7 40. Be2 Bd7 41. Nxc7 Ke7 42. Bd1 Kd8 43. Ne6+ Kc8 44. g4 Bc1 
45. Nf8 Be8 46. Ne6 g5 47. Ng7 Bg6 48. Nf5 Kc7 49. Ba4 Bf7 
1/2-1/2

[Event "34th Chess Olympiad (men)"]
[Site "Istanbul"]
[Date "2000.11.06"]
[Round "9.38.1"]
[White "David, Alberto"]
[Black "Khatib, Kamel"]
[WhiteElo "2487"]
[BlackElo "2000"]
[WhiteCountry "LUX"]
[BlackCountry "SYR"]
[Result "1/2-1/2"]

1. e4 e5 2. Nf3 Nc6 3. Bb5 a6 4. Ba4 Nf6 5. O-O Be7 6. Re1 b5 7. Bb3 d6 
8. c3 O-O 9. d3 Na5 10. Bc2 c5 11. Nbd2 Re8 12. Nf1 h6 13. Ng3 Bf8 14. d4 cxd4 
15. cxd4 Nc6 16. d5 Nb4 17. Bb1 a5 18. a3 Na6 19. b4 Bd7 20. Bd2 axb4 
21. axb4 Nc7 22. Rxa8 Nxa8 23. Bd3 Qc8 24. Ne2 Nxd5 25. Nxe5 
1/2-1/2

[Event "34th Chess Olympiad (men)"]
[Site "Istanbul"]
[Date "2000.11.06"]
[Round "9.38.2"]
[White "Al Zaim, Talal"]
[Black "Mossong, Hubert"]
[WhiteElo "2249"]
[BlackElo "2213"]
[WhiteCountry "SYR"]
[BlackCountry "LUX"]
[Result "1-0"]

1. d4 d6 2. Nf3 Bg4 3. c4 Nd7 4. Nc3 e5 5. g3 Ngf6 6. Bg2 Be7 7. O-O O-O 
8. h3 Bh5 9. Nh4 exd4 10. Qxd4 Ne8 11. Bxb7 Rb8 12. Bf3 Bxh4 13. Bxh5 Bf6 
14. Qxa7 Ne5 15. Qa4 g6 16. Bf3 Nxf3+ 17. exf3 Ng7 18. Qc2 Ne6 19. Be3 Bg7 
20. Kg2 f5 21. Rae1 Qd7 22. b3 f4 23. Bd2 Ra8 24. Nd5 Nd4 25. Qd3 fxg3 
26. Re7 Qf5 27. Rxg7+ 
1-0

[Event "34th Chess Olympiad (men)"]
[Site "Istanbul"]
[Date "2000.11.06"]
[Round "9.38.3"]
[White "Wagener, Claude"]
[Black "Al-Baba, Izate"]
[WhiteElo "2210"]
[BlackElo "2000"]
[WhiteCountry "LUX"]
[BlackCountry "SYR"]
[Result "1-0"]

1. e4 c5 2. Nf3 e6 3. Nc3 Nc6 4. d4 cxd4 5. Nxd4 Qc7 6. Be3 a6 7. Bd3 Nf6 
8. O-O Be7 9. Kh1 d6 10. Qe2 O-O 11. f4 Bd7 12. Nb3 Nb4 13. Rae1 b5 
14. Bd2 Nxd3 15. cxd3 e5 16. fxe5 dxe5 17. Rxf6 Bxf6 18. Nd5 Qc2 19. Nxf6+ gxf6 
20. Qf2 Qc6 21. Bh6 Kh8 22. Bxf8 Rxf8 23. Nc5 Bc8 24. Rf1 f5 25. exf5 Rg8 
26. Ne4 Rg4 27. Qd2 Bb7 28. h3 Rg8 29. Rc1 Qb6 30. Qc3 f6 31. Qc5 Qd8 
32. Qe3 Qe7 33. Qb6 Bxe4 34. dxe4 Qg7 35. Rc2 Qg5 36. Qxa6 Rd8 37. Rc8 Rxc8 
38. Qxc8+ Kg7 39. Qc7+ Kg8 40. Qc2 h5 41. Qe2 b4 42. Qe1 Kf7 43. a3 bxa3 
44. bxa3 Ke8 45. a4 Kd7 46. a5 Qf4 47. a6 Kc6 48. Qb1 Qf2 49. Qa1 Qa7 50. Qa4+ 
1-0

[Event "34th Chess Olympiad (men)"]
[Site "Istanbul"]
[Date "2000.11.06"]
[Round "9.38.4"]
[White "Mohamed, Sameer"]
[Black "Risch, Michel"]
[WhiteElo "2287"]
[BlackElo "2000"]
[WhiteCountry "SYR"]
[BlackCountry "LUX"]
[Result "1/2-1/2"]

1. d4 d5 2. c4 c6 3. Nf3 Nf6 4. Nc3 a6 5. a4 Bf5 6. Qb3 Ra7 7. Ne5 e6 
8. Bg5 Be7 9. e3 Qa5 10. c5 b5 11. Be2 Ne4 12. Bxe7 Rxe7 13. f3 Nxc3 
14. bxc3 Qc7 15. axb5 axb5 16. O-O O-O 17. Bd3 f6 18. g4 fxe5 19. gxf5 exd4 
20. cxd4 Kh8 21. fxe6 
1/2-1/2

[Event "34th Chess Olympiad (men)"]
[Site "Istanbul"]
[Date "2000.11.06"]
[Round "9.39.1"]
[White "Samuel Sousa, Carlos"]
[Black "Clavijo, Jorge"]
[WhiteElo "2000"]
[BlackElo "2414"]
[WhiteCountry "ANG"]
[BlackCountry "COL"]
[Result "0-1"]

1. e4 c5 2. Nf3 d6 3. d4 cxd4 4. Nxd4 Nf6 5. Nc3 g6 6. Be2 Bg7 7. O-O Nc6 
8. Nb3 O-O 9. Kh1 Be6 10. f4 Rc8 11. Be3 a6 12. Bf3 b5 13. Nd5 Bxd5 
14. exd5 Na5 15. Nxa5 Qxa5 16. Bd2 Qa4 17. c3 Qc4 18. Qb3 Bh6 19. Rae1 Rfe8 
20. g3 Qd3 21. Bc1 Rc4 22. Qd1 Qxd1 23. Rxd1 Rb8 24. Rfe1 Kf8 25. Be3 Bg7 
26. Bd4 Ne8 27. Bf2 Rc7 28. Re2 a5 29. Rc2 b4 30. Rdc1 bxc3 31. bxc3 Nf6 
32. c4 Nd7 33. c5 Nxc5 34. Bxc5 Rbc8 35. Bg4 f5 36. Be2 Rxc5 37. Rxc5 dxc5 
38. Bb5 Bd4 39. a4 Kg7 40. Re1 Bf6 41. Rc1 Kf7 42. Kg2 Bd4 43. Kf3 h6 44. h3 e5 
45. fxe5 Bxe5 46. Bc4 Kf6 47. Rd1 Rd8 48. Re1 Rb8 49. Bb5 c4 50. Bxc4 Rb4 
51. Bb5 Rb3+ 52. Re3 Rxe3+ 53. Kxe3 Bxg3 54. Kf3 Bd6 55. Be8 Kg5 56. Kg2 Be7 
57. Kf3 h5 58. Bf7 Kh6 59. Be8 g5 60. Bd7 g4+ 61. Kg2 Kg5 
0-1

[Event "34th Chess Olympiad (men)"]
[Site "Istanbul"]
[Date "2000.11.06"]
[Round "9.39.2"]
[White "Echavarria, Johann"]
[Black "Santos Simao, Amorim"]
[WhiteElo "2328"]
[BlackElo "2000"]
[WhiteCountry "COL"]
[BlackCountry "ANG"]
[Result "1-0"]

1. e4 c5 2. Nf3 e6 3. d4 cxd4 4. Nxd4 a6 5. Bd3 Nc6 6. Nxc6 bxc6 7. O-O d5 
8. c4 dxe4 9. Bxe4 Qxd1 10. Rxd1 Bb7 11. Nc3 Nf6 12. Bf3 Be7 13. Bf4 Rd8 
14. Na4 O-O 15. Bc7 Rc8 16. Bd6 Bxd6 17. Rxd6 Rfd8 18. Rad1 Rxd6 19. Rxd6 Kf8 
20. Nc5 Ba8 21. Nxa6 Ke7 22. Rd2 Nd7 23. Nb4 Ne5 24. c5 Rb8 25. a3 Rb5 
26. Rc2 Kd8 27. Kf1 Kc7 28. Be2 Ra5 29. Nd3 Nd7 30. Rc3 Bb7 31. b4 Ra8 
32. Nb2 Nf6 33. Nc4 Ba6 34. Nd6 Nd5 35. Rg3 Bxe2+ 36. Kxe2 Nf4+ 37. Kf1 Nh5 
38. Rh3 Nf6 39. Nxf7 h6 40. Nd6 Rf8 41. Rf3 Ra8 42. Ke1 
1-0

[Event "34th Chess Olympiad (men)"]
[Site "Istanbul"]
[Date "2000.11.06"]
[Round "9.39.3"]
[White "Campos, Eugenio"]
[Black "Mosquera, Miguel"]
[WhiteElo "2238"]
[BlackElo "2333"]
[WhiteCountry "ANG"]
[BlackCountry "COL"]
[Result "1-0"]

1. d4 d5 2. c4 c6 3. Nc3 Nf6 4. e3 g6 5. Nf3 Bg7 6. Be2 O-O 7. O-O Bg4 
8. cxd5 Nxd5 9. Qb3 Nb6 10. Rd1 N8d7 11. e4 Qc7 12. Be3 e5 13. d5 cxd5 
14. exd5 Rac8 15. a4 e4 16. d6 Nc5 17. Qb4 Qd7 18. Bxc5 exf3 19. Bb5 Rc6 
20. Bxc6 bxc6 21. Bd4 Bh3 22. Bxg7 Kxg7 23. Qd4+ f6 24. Re1 Rf7 25. g3 Bg2 
26. Re4 g5 27. g4 h5 28. Rae1 hxg4 29. Re7 Qf5 30. Rxf7+ Kxf7 31. Re7+ Kf8 
32. d7 Kxe7 33. d8=Q+ Kf7 34. Qe3 
1-0

[Event "34th Chess Olympiad (men)"]
[Site "Istanbul"]
[Date "2000.11.06"]
[Round "9.39.4"]
[White "Uribe, Mauricio"]
[Black "Assis Pedro, Aderito"]
[WhiteElo "2293"]
[BlackElo "2000"]
[WhiteCountry "COL"]
[BlackCountry "ANG"]
[Result "1-0"]

1. e4 e6 2. d4 d5 3. Nd2 Nf6 4. e5 Nfd7 5. Bd3 c5 6. c3 Nc6 7. Ne2 Qb6 
8. Nf3 cxd4 9. cxd4 f6 10. exf6 Nxf6 11. O-O Bd6 12. b3 O-O 13. Bf4 Qc7 
14. Bxd6 Qxd6 15. Rc1 Bd7 16. Ng3 Qf4 17. Bb5 Rac8 18. Bxc6 Bxc6 19. a4 b6 
20. Ne2 Qh6 21. Ne5 Bb7 22. Qd3 Ne4 23. f4 Qh4 24. g3 Qe7 25. Qb5 Nd6 
26. Qb4 Nf5 27. Qxe7 Nxe7 28. b4 Nf5 29. b5 Ne3 30. Rxc8 Rxc8 31. Rc1 Nc4 
32. Kf2 Kf8 33. Nxc4 dxc4 34. Nc3 Ke7 35. Ke3 Kd6 36. g4 Bd5 37. Ra1 g5 
38. Rf1 Rf8 39. Rf2 h6 40. h4 gxf4+ 41. Rxf4 Rg8 42. Kd2 Bg2 43. Nd1 Bd5 
44. Ne3 Ke7 45. Kc3 Ra8 46. Kb4 Rc8 47. Rf2 Rg8 48. a5 bxa5+ 49. Kxa5 Rc8 
50. Kb4 Rb8 51. Ra2 Rb7 52. Ra6 Rc7 53. Nxd5+ exd5 54. Rxh6 Rc8 55. Rc6 a5+ 
56. Kc3 Rf8 57. h5 Rf3+ 58. Kc2 Rf2+ 59. Kb1 Rf1+ 60. Ka2 Rf4 61. h6 Rxg4 
62. h7 Rh4 63. b6 
1-0

[Event "34th Chess Olympiad (men)"]
[Site "Istanbul"]
[Date "2000.11.06"]
[Round "9.40.1"]
[White "Bouaziz, Slim"]
[Black "Aung, Aung"]
[WhiteElo "2383"]
[BlackElo "2520"]
[WhiteCountry "TUN"]
[BlackCountry "MYA"]
[Result "0-1"]

1. e4 d6 2. c4 e5 3. d4 exd4 4. Qxd4 Nf6 5. Nc3 Nc6 6. Qd2 g6 7. Bd3 Bg7 
8. Nge2 Ne5 9. O-O O-O 10. b3 Re8 11. Bc2 b6 12. Rb1 Bb7 13. f3 Nc6 14. Bb2 Nd7 
15. Nd5 Bxb2 16. Rxb2 Ne7 17. Ne3 Nc6 18. Nd5 a5 19. Nec3 Nc5 20. Nb5 Rc8 
21. Bb1 Ne5 22. Ne3 Bc6 23. f4 Ned7 24. Na7 Bxe4 25. Nxc8 Qxc8 26. f5 Qd8 
27. Ng4 Bxb1 28. Rbxb1 Ne4 29. Qc1 Ne5 30. fxg6 hxg6 31. Nxe5 Rxe5 32. Qf4 Qe7 
33. Rbe1 Kg7 34. Qe3 f6 35. Qd4 Ng3 36. Rxe5 dxe5 37. Qd5 Nxf1 38. Kxf1 Qd6 
39. Qb7 f5 40. Ke2 e4 41. Ke3 
0-1

[Event "34th Chess Olympiad (men)"]
[Site "Istanbul"]
[Date "2000.11.06"]
[Round "9.40.3"]
[White "Bouhlel, Mohamed"]
[Black "Htun, Lynn Kyaw"]
[WhiteElo "2000"]
[BlackElo "2475"]
[WhiteCountry "TUN"]
[BlackCountry "MYA"]
[Result "1/2-1/2"]

1. e4 c5 2. c3 g6 3. d4 cxd4 4. cxd4 d5 5. exd5 Nf6 6. Nc3 Nxd5 7. Bc4 Nb6 
8. Bb3 Bg7 9. Be3 O-O 10. d5 N8d7 11. Nf3 Nf6 12. Qd2 Bf5 13. Bd4 Rc8 
14. Rd1 Bg4 15. Qf4 Bxf3 16. Qxf3 Ne8 17. O-O Bxd4 18. Rxd4 Nd6 19. Re1 Nd7 
20. Rf4 Rc7 21. Qh3 b5 22. Qh4 Nc5 23. Qh6 f5 24. Rh4 Rf7 25. Bc2 a5 26. a3 Qf8 
27. Qf4 Qg7 28. Qg5 Qf6 29. Qxf6 Rxf6 30. Rd4 Rf8 31. Bd1 b4 32. axb4 axb4 
33. Na4 Nxa4 34. Bxa4 Rb8 35. Bb3 Kf8 36. f3 Rb6 37. Kf2 Nb7 38. Rc4 Rxc4 
39. Bxc4 Nd6 40. Rc1 
1/2-1/2

[Event "34th Chess Olympiad (men)"]
[Site "Istanbul"]
[Date "2000.11.06"]
[Round "9.40.4"]
[White "Wynn, Zaw Htun"]
[Black "Gassouma, Mokhtar"]
[WhiteElo "2434"]
[BlackElo "2000"]
[WhiteCountry "MYA"]
[BlackCountry "TUN"]
[Result "1-0"]

1. e4 d6 2. d4 Nf6 3. Nc3 c6 4. f4 Qa5 5. Bd3 e5 6. Nf3 Nbd7 7. Bd2 Qb6 
8. Qe2 exd4 9. Na4 Qc7 10. Nxd4 g6 11. Nf3 b5 12. Nc3 Nc5 13. e5 dxe5 
14. fxe5 Ng4 15. h3 Nh6 16. Bxb5 Be6 17. Bc4 Nf5 18. Bf4 a5 19. g4 Ne7 
20. Be3 Nd5 21. Bxd5 cxd5 22. Qb5+ Kd8 23. Rd1 Rb8 24. Qc4 Rb4 25. Qe2 Qb7 
26. O-O Rxb2 27. Nxd5 Bxd5 28. Rxd5+ Ke8 29. Rxc5 Bxc5 30. Bxc5 Qc6 31. Qf2 h6 
32. e6 fxe6 33. Ne5 Rxc2 34. Qf8+ 
1-0

[Event "34th Chess Olympiad (men)"]
[Site "Istanbul"]
[Date "2000.11.06"]
[Round "9.41.1"]
[White "Al-Modiahki, Mohamad"]
[Black "Baburin, Alexander"]
[WhiteElo "2499"]
[BlackElo "2590"]
[WhiteCountry "QAT"]
[BlackCountry "IRL"]
[Result "1-0"]

1. e4 Nf6 2. e5 Nd5 3. d4 d6 4. c4 Nb6 5. exd6 exd6 6. Be3 Be7 7. Bd3 Nc6 
8. Nf3 Nb4 9. Be2 Bf5 10. Na3 d5 11. c5 Nd7 12. O-O O-O 13. Qb3 a5 14. Rac1 b6 
15. Nb5 c6 16. Nd6 Bxd6 17. cxd6 c5 18. dxc5 bxc5 19. Bxc5 Bc2 20. Qc3 Rc8 
21. Bxb4 Rxc3 22. Bxc3 Be4 23. Bd4 Nf6 24. Rc6 Nh5 25. g3 Qd7 26. Ne5 Qh3 
27. f3 Nxg3 28. hxg3 Qxg3+ 29. Kh1 Qh3+ 30. Kg1 Qg3+ 31. Kh1 Bf5 32. Ng4 Qh4+ 
33. Kg2 h5 34. Bf6 gxf6 35. Rh1 Qg5 36. Rxh5 Qd2 37. Nh6+ Kg7 38. Nxf5+ Kg6 
39. Ng3 Re8 40. Kf1 d4 41. d7 Rxe2 42. Rxf6+ Kg7 43. Nf5+ Kxf6 44. d8=Q+ Kg6 
45. Qg8+ Kf6 46. Qg7+ Ke6 
1-0

[Event "34th Chess Olympiad (men)"]
[Site "Istanbul"]
[Date "2000.11.06"]
[Round "9.41.2"]
[White "Quinn, Mark"]
[Black "Al-Sayed, Mohammed"]
[WhiteElo "2381"]
[BlackElo "2370"]
[WhiteCountry "IRL"]
[BlackCountry "QAT"]
[Result "1/2-1/2"]

1. c4 Nf6 2. Nc3 g6 3. g3 Bg7 4. Bg2 O-O 5. e3 c6 6. Nge2 d5 7. cxd5 cxd5 
8. Qb3 e6 9. O-O Nc6 10. d4 b6 11. Qc2 Ba6 12. b3 Qd6 13. Qd2 
1/2-1/2

[Event "34th Chess Olympiad (men)"]
[Site "Istanbul"]
[Date "2000.11.06"]
[Round "9.41.3"]
[White "Abdulgha Four, Yousef"]
[Black "Daly, Colm"]
[WhiteElo "2052"]
[BlackElo "2357"]
[WhiteCountry "QAT"]
[BlackCountry "IRL"]
[Result "0-1"]

1. e4 c5 2. Nf3 Nc6 3. d4 cxd4 4. Nxd4 Nf6 5. f3 d5 6. exd5 Qxd5 7. Nxc6 Qxc6 
8. Nc3 a6 9. Bd3 e6 10. O-O Qc7 11. Qe1 Bd6 12. Qh4 Bd7 13. Ne4 Nxe4 
14. fxe4 Be5 15. Kh1 h6 16. Bf4 Bxf4 17. Qxf4 Qxf4 18. Rxf4 e5 19. Rf2 Be6 
20. a3 Ke7 21. Rd2 Rhd8 22. Kg1 Rd4 23. Kf2 Rad8 24. Ke3 g6 25. Rf2 h5 
26. Raf1 h4 27. Rf6 R4d6 28. R6f2 Rh8 29. Be2 Rc8 30. Bd3 Rb6 31. b3 Rd6 
32. h3 Rh8 33. Rf6 Rh7 34. R1f2 Rc6 35. Kd2 Rh8 36. Rf1 Rcc8 37. R1f2 Rcd8 
38. Ke3 Rh5 39. Be2 Rh7 40. Bd3 b5 41. Rf1 Rc8 42. Kd2 Rhh8 43. R6f2 Rcf8 
44. Rf6 Rh5 45. c4 Rg5 46. R1f2 Rg3 47. cxb5 axb5 48. R6f3 Rxf3 49. Rxf3 Ra8 
50. Bxb5 Rxa3 51. Rc3 Rxb3 52. Rxb3 Bxb3 53. Ke3 Bc2 54. Bc6 f5 55. exf5 gxf5 
56. Bb7 Kf6 57. Kf3 Kg5 58. Bc6 Bb1 59. Bb7 e4+ 60. Ke3 f4+ 61. Ke2 Kf6 
62. Bc6 Ke5 63. Bd7 Kd4 64. Bg4 Bd3+ 65. Kf2 Kc3 66. Ke1 Bc4 67. Bd1 Kd4 
68. Kd2 Bd5 69. Ke1 Ke3 70. Be2 Be6 71. Bb5 f3 72. Kf1 f2 73. Be2 Bb3 
0-1

[Event "34th Chess Olympiad (men)"]
[Site "Istanbul"]
[Date "2000.11.06"]
[Round "9.41.4"]
[White "Orr, Mark"]
[Black "Nezad, Husein Aziz"]
[WhiteElo "2309"]
[BlackElo "2066"]
[WhiteCountry "IRL"]
[BlackCountry "QAT"]
[Result "1-0"]

1. d4 e6 2. e4 d5 3. e5 c5 4. c3 Qb6 5. Nf3 Bd7 6. Be2 cxd4 7. cxd4 Bb5 
8. O-O Bxe2 9. Qxe2 Nc6 10. Be3 Nge7 11. Nc3 a6 12. Rfc1 Nf5 13. Na4 Qa7 
14. g4 Nfe7 15. Nc5 h5 16. h3 Ng6 17. b4 Bxc5 18. bxc5 hxg4 19. hxg4 Kd7 
20. Rab1 Raf8 21. Rb6 f6 22. Rcb1 Rb8 23. Qd3 Nge7 24. exf6 
1-0

[Event "34th Chess Olympiad (men)"]
[Site "Istanbul"]
[Date "2000.11.06"]
[Round "9.42.1"]
[White "Gonzalez, Bernal"]
[Black "Matsuo, Tomohiko"]
[WhiteElo "2428"]
[BlackElo "2186"]
[WhiteCountry "CRC"]
[BlackCountry "JPN"]
[Result "1/2-1/2"]

1. e4 e5 2. Nf3 Nc6 3. d4 exd4 4. Nxd4 Bc5 5. c3 Qf6 6. Be3 Nge7 7. Bc4 d6 
8. O-O Ne5 9. Be2 Qg6 10. Nd2 Bh3 11. Bf3 Bg4 12. Bxg4 Nxg4 13. Bf4 O-O 
14. b4 Bb6 15. Nc4 Bxd4 16. Qxd4 Nc6 17. Qd3 Rfe8 18. f3 Nge5 19. Nxe5 Nxe5 
20. Qb5 b6 21. Bxe5 dxe5 22. Rfd1 c6 23. Qa6 Red8 24. Qxa7 h6 25. Qxb6 Rxd1+ 
26. Rxd1 Rxa2 27. Qd8+ Kh7 28. Rd2 Ra1+ 29. Kf2 Rc1 30. Qd3 Qh5 31. Rd1 Rxd1 
32. Qxd1 Qxh2 33. Qd7 Qh4+ 34. Ke2 Qh1 35. Qf5+ Kg8 36. Qh3 Qg1 37. Kd3 Qf1+ 
38. Kc2 g6 39. Kb3 Kg7 40. Qd7 Qxg2 41. Qxc6 h5 42. b5 h4 43. b6 h3 44. b7 h2 
45. b8=Q h1=Q 46. Qxe5+ Kh7 47. Qce8 Qd1+ 48. Kc4 Qa2+ 49. Kc5 Qa5+ 
50. Qb5 Qxb5+ 51. Kxb5 Qxf3 52. Kc6 
1/2-1/2

[Event "34th Chess Olympiad (men)"]
[Site "Istanbul"]
[Date "2000.11.06"]
[Round "9.42.2"]
[White "Tanaka, Yuuki"]
[Black "Hernandez, Basante Francisco"]
[WhiteElo "2126"]
[BlackElo "2309"]
[WhiteCountry "JPN"]
[BlackCountry "CRC"]
[Result "1/2-1/2"]

1. c4 f5 2. d4 Nf6 3. g3 g6 4. Bg2 Bg7 5. Nh3 O-O 6. O-O e6 7. d5 e5 8. d6 Nc6 
9. Nc3 h6 10. e4 Nd4 11. Be3 c5 12. exf5 gxf5 13. Nd5 Nxd5 14. Bxd5+ Kh8 
15. Bg5 Qe8 16. Be7 Rf7 17. Re1 Rb8 18. Qa4 a6 19. Re3 b5 20. cxb5 Rxb5 
21. Rae1 e4 22. Nf4 Rb4 23. Qa5 Kh7 24. Qxc5 Rxb2 25. Bxf7 Qxf7 26. Qxc8 Nf3+ 
27. Rxf3 exf3 28. Qa8 Bd4 29. Nd3 Re2 30. Qxf3 Bxf2+ 31. Qxf2 Rxf2 
32. Kxf2 Qxa2+ 33. Re2 Qd5 34. Kg1 
1/2-1/2

[Event "34th Chess Olympiad (men)"]
[Site "Istanbul"]
[Date "2000.11.06"]
[Round "9.42.3"]
[White "Bermudez, Sergio"]
[Black "Nakamura, Ryuji"]
[WhiteElo "2185"]
[BlackElo "2127"]
[WhiteCountry "CRC"]
[BlackCountry "JPN"]
[Result "1/2-1/2"]

1. e4 c5 2. Nf3 Nc6 3. d4 cxd4 4. Nxd4 Nf6 5. Nc3 e5 6. Ndb5 d6 7. Bg5 a6 
8. Na3 b5 9. Nd5 Be7 10. Bxf6 Bxf6 11. c3 Ne7 12. Nxf6+ gxf6 13. g3 Bb7 
14. Bg2 d5 15. Qe2 dxe4 16. Rd1 Qc7 17. Bxe4 Bxe4 18. Qxe4 Qc6 19. Qxc6+ Nxc6 
20. Rd6 Rc8 21. Rxf6 Ke7 22. Rf3 b4 23. Nb1 Nd4 24. Rd3 bxc3 25. Nxc3 Rhd8 
26. Rd1 Rd6 27. O-O Rb8 28. f4 Rxb2 29. Rde1 Rc6 30. Rxe5+ Kf8 31. Nd1 Rxa2 
32. Rd5 Ne2+ 33. Kh1 Rh6 34. Rf3 Rxh2+ 35. Kxh2 Nxf4+ 36. Nf2 Nxd5 37. Kh3 a5 
38. Ne4 Kg7 39. Rf5 Ne7 40. Rf3 f5 41. Nd6 Kg6 42. Re3 Nd5 43. Re6+ Kg7 
44. Nxf5+ Kf7 45. Ra6 a4 46. Kg4 a3 47. Nd6+ 
1/2-1/2

[Event "34th Chess Olympiad (men)"]
[Site "Istanbul"]
[Date "2000.11.06"]
[Round "9.42.4"]
[White "Misaka, Susumu"]
[Black "Trejos, Enrique"]
[WhiteElo "2000"]
[BlackElo "2000"]
[WhiteCountry "JPN"]
[BlackCountry "CRC"]
[Result "0-1"]

1. d4 c5 2. d5 Nf6 3. Nf3 g6 4. Nc3 Bg7 5. e4 d6 6. Be2 O-O 7. O-O a6 8. a4 b6 
9. Bf4 Bb7 10. Qd2 Qc7 11. Rfe1 Nbd7 12. h3 Rad8 13. Rad1 Rfe8 14. Bc4 Nh5 
15. Bh2 Ne5 16. Nxe5 Bxe5 17. f4 Bd4+ 18. Kh1 Qd7 19. b3 Nf6 20. Nb5 axb5 
21. Bxb5 Qc8 22. c3 Bxc3 23. Qxc3 Rf8 24. Bc4 Qa8 25. g4 h6 26. Bg3 Nd7 
27. Bh4 f6 28. Kh2 Ba6 29. e5 Bxc4 30. Qxc4 g5 31. exd6 exd6 32. Bg3 Qb7 
33. fxg5 hxg5 34. Re7 Rf7 35. Rxf7 Kxf7 36. Bxd6 Nf8 37. Bg3 Kg7 38. a5 bxa5 
39. Qxc5 Rc8 40. Qxa5 Qxb3 41. Qa7+ Kg8 42. Rd2 Rc3 43. Qf2 Rf3 44. Qg2 Kf7 
45. d6 Nd7 46. Re2 Re3 47. Rb2 Qe6 48. Rd2 Ne5 49. Qb7+ Kg6 50. d7 Nxd7 
51. Qxd7 Re2+ 52. Kg1 Qe3+ 53. Kh1 Qf3+ 54. Kg1 Qg2# 
0-1

[Event "34th Chess Olympiad (men)"]
[Site "Istanbul"]
[Date "2000.11.06"]
[Round "9.43.1"]
[White "Guillen, Ramirez Jose Antonio"]
[Black "Lodhi, Mahmood"]
[WhiteElo "2281"]
[BlackElo "2438"]
[WhiteCountry "HON"]
[BlackCountry "PAK"]
[Result "1/2-1/2"]

1. b3 e5 2. Bb2 d6 3. c4 Nf6 4. g3 g6 5. Bg2 Bg7 6. d3 O-O 7. Nf3 Nc6 8. O-O a5 
9. Nc3 Bg4 10. h3 Be6 11. Ng5 Bd7 12. Nge4 Nxe4 13. dxe4 Ne7 14. Kh2 a4 
15. b4 Be6 16. Qd3 Nc8 17. a3 c6 18. Rac1 f5 19. exf5 gxf5 20. Rfd1 Qe7 
21. Nb1 Rf7 22. e3 Nb6 23. Nd2 Rd8 24. Qc2 d5 25. c5 Nd7 26. Qxa4 f4 
27. exf4 exf4 28. Bxg7 fxg3+ 29. fxg3 Rxg7 30. Qc2 Qg5 31. Nf1 Rf8 32. Qd2 Qh5 
33. Re1 Rg6 34. Rc3 Rh6 35. h4 Rhf6 36. Qg5+ Qxg5 37. hxg5 Rg6 38. Rce3 Bg4 
39. Re7 Rf7 40. Rxf7 Kxf7 41. Ne3 Be6 42. Rf1+ Ke7 43. Nf5+ Bxf5 44. Rxf5 Re6 
45. Rf4 Re2 46. Rh4 Nf8 47. Rh6 Ra2 48. b5 Rxa3 49. bxc6 bxc6 50. Rxc6 Ne6 
51. Bxd5 Nxg5 52. Rc7+ Kf6 53. c6 Rc3 54. Rd7 Rc2+ 55. Kg1 h5 56. c7 Ne6 
57. Rd6 Ke5 58. Bxe6 Rxc7 59. Ra6 h4 60. g4 Rc2 61. Bf5 Rd2 62. Ra3 Kf4 
63. Rh3 Kg5 64. Rf3 Ra2 65. Rf2 Ra3 66. Kh2 h3 67. Be6 Re3 68. Bc8 Kh4 
69. Bf5 Ra3 70. Rc2 Re3 71. Ra2 Rb3 72. Ra8 Rb2+ 73. Kh1 Rd2 74. Ra3 Rd1+ 
75. Kh2 Rd2+ 76. Kg1 Rd1+ 77. Kh2 
1/2-1/2

[Event "34th Chess Olympiad (men)"]
[Site "Istanbul"]
[Date "2000.11.06"]
[Round "9.43.2"]
[White "Gillani, Tunveer M D"]
[Black "Villanueva Marcio, Marcio"]
[WhiteElo "2255"]
[BlackElo "2000"]
[WhiteCountry "PAK"]
[BlackCountry "HON"]
[Result "1/2-1/2"]

1. e4 e5 2. Nf3 Nc6 3. d4 exd4 4. Nxd4 d6 5. Bc4 Nxd4 6. Qxd4 Qf6 7. Be3 Qxd4 
8. Bxd4 Be6 9. Bb5+ c6 10. Bd3 Ne7 11. O-O f6 12. f4 c5 13. Bf2 Nc6 14. Nc3 Be7 
15. Nb5 Rc8 16. f5 Bf7 17. Bg3 Rd8 18. Nc7+ Kf8 19. Rfd1 a6 20. c3 Ne5 
21. Be2 g5 22. Rd2 h5 23. Rad1 h4 24. Bxe5 fxe5 25. b3 Rh6 26. Bc4 b5 
27. Bd5 Bxd5 28. Rxd5 Kf7 29. Ra1 h3 30. g3 Rd7 31. Ne6 Rb7 32. Rxd6 Bxd6 
33. Nd8+ Ke8 34. Nxb7 Be7 35. Rd1 Rb6 36. Na5 Rd6 37. Rxd6 Bxd6 38. g4 Kd7 
39. Kf2 Be7 40. a3 Kc7 41. c4 Kb6 42. cxb5 Kxa5 43. bxa6 Kxa6 44. Ke2 Kb5 
45. Kd2 Bd8 46. Kc2 Kc6 47. Kd3 Ba5 48. Kc4 Be1 49. f6 Kd6 50. a4 Ke6 
51. Kb5 Bg3 52. a5 c4 53. bxc4 Bxh2 54. c5 Bg1 55. c6 h2 56. c7 h1=Q 
57. c8=Q+ Kxf6 58. Qf5+ Ke7 59. Qxe5+ Kf7 60. Qf5+ Ke8 61. Qg6+ Kf8 
62. Qd6+ Kf7 63. Qd7+ Kf8 64. Qf5+ Ke8 65. Qg6+ Kf8 66. Qd6+ Kf7 67. Qd5+ Kf8 
68. Qd8+ Kf7 69. Qd7+ Kf8 70. e5 Be3 71. Qf5+ Ke8 72. Qg6+ Kf8 73. Qf6+ Ke8 
74. Qc6+ Qxc6+ 75. Kxc6 Ke7 76. Kd5 Ba7 77. a6 Bb6 78. e6 Ba7 79. Ke5 Bb6 
80. Kf5 Be3 81. Ke4 Ba7 82. Ke5 Bb6 83. Ke4 
1/2-1/2

[Event "34th Chess Olympiad (men)"]
[Site "Istanbul"]
[Date "2000.11.06"]
[Round "9.43.3"]
[White "Marder Riveda, Martin"]
[Black "Amer, Karim"]
[WhiteElo "2205"]
[BlackElo "2240"]
[WhiteCountry "HON"]
[BlackCountry "PAK"]
[Result "0-1"]

1. d4 Nf6 2. c4 e6 3. Nf3 b6 4. a3 Bb7 5. Bg5 Be7 6. Nc3 Ne4 7. Bxe7 Qxe7 
8. Qc2 f5 9. e3 d6 10. Bd3 Nxc3 11. Qxc3 Nd7 12. O-O-O O-O 13. Bc2 c5 
14. Kb1 Rac8 15. d5 exd5 16. cxd5 b5 17. Qd3 b4 18. axb4 cxb4 19. Qb5 Nb6 
20. Rd4 Rc5 21. Qd3 Rfc8 22. Bb3 a5 23. Qxf5 a4 24. Rxb4 axb3 25. Rxb3 Bxd5 
0-1